The imperial achievement: the rise and transformation of the British empire (Record no. 197142)

MARC details
000 -LEADER
fixed length control field 00400nam a2200145Ia 4500
008 - FIXED-LENGTH DATA ELEMENTS--GENERAL INFORMATION
fixed length control field 230917s9999||||xx |||||||||||||| ||und||
040 ## - CATALOGING SOURCE
-- 41590
Original cataloging agency VIVEKANANDA LIBRARY
041 ## - Language
-- English
082 ## - DDC NUMBER
Classification number 942 B681I
100 ## - MAIN ENTRY--PERSONAL NAME
Personal name Bowle, John
245 #4 - TITLE STATEMENT
Title The imperial achievement: the rise and transformation of the British empire
260 ## - PUBLICATION, DISTRIBUTION, ETC. (IMPRINT)
Place of publication, distribution, etc Harmondworth
Name of publisher, distributor, etc Penguin Books
Date of publication, distribution, etc 1977
300 ## - PHYSICAL DESCRIPTION
Pages 592 p.
942 ## - ADDED ENTRY ELEMENTS (KOHA)
Koha item type Books
Holdings
Withdrawn status Lost status Damaged status Not for loan Location (home branch) Sublocation or collection (holding branch) Date acquired Koha issues (times borrowed) Koha full call number Accession No. Koha date last seen Koha item type
        VIVEKANANDA LIBRARY VIVEKANANDA LIBRARY 11/11/2002   942 B681I 55433 17/09/2023 Books
        VIVEKANANDA LIBRARY VIVEKANANDA LIBRARY 11/11/2002   942 B681I 55939 17/09/2023 Books
© Designed and Maintained by Vivekananda Library, MDU Rohtak